| 000 | 00536nam a2200205 4500 | ||
|---|---|---|---|
| 001 | 23737 | ||
| 005 | 20230410143254.0 | ||
| 008 | 060907n2002 dr spa | ||
| 020 | _a9580427119 | ||
| 035 | _9funglode23905 | ||
| 041 | _aES | ||
| 050 | 1 | 4 | _aLEWIS |
| 100 | _aEscarpanter, José | ||
| 245 | 1 |
_aCómo dominar la ortografía / _cJosé Escarpanter |
|
| 260 |
_aBarcelona : _bGrupo Editorial Norma, _c2002 |
||
| 300 | _a212 p. | ||
| 440 | _aDomine su Lenguaje | ||
| 505 | _aOrtografía Moderna | ||
| 942 |
_2lcc _cbk |
||
| 999 |
_c98520 _d98520 |
||